Normal view MARC view

Entry Personal Name

Number of records used in: 1

001 - CONTROL NUMBER

  • control field: 9308

003 - CONTROL NUMBER IDENTIFIER

  • control field: DLC

005 - DATE AND TIME OF LATEST TRANSACTION

  • control field: 20221115103418.0

008 - FIXED-LENGTH DATA ELEMENTS

  • fixed length control field: 990308n| azannaabn |a aaa

010 ## - LIBRARY OF CONGRESS CONTROL NUMBER

  • LC control number: n 99018699

035 ## - SYSTEM CONTROL NUMBER

  • System control number: (OCoLC)oca04937875

040 ## - CATALOGING SOURCE

  • Original cataloging agency: DLC
  • Language of cataloging: eng
  • Description conventions: rda
  • Transcribing agency: DLC
  • Modifying agency: GVaS

046 ## - SPECIAL CODED DATES

  • Birth date: 1951-02-23
  • Source of date scheme: edtf

100 1# - HEADING--PERSONAL NAME

  • Personal name: Sommerville, Ian,
  • Dates associated with a name: 1951-

370 ## - ASSOCIATED PLACE

  • Associated country: Scotland
  • Place of residence/headquarters: Edinburgh (Scotland)
  • Source of term: naf

371 ## - ADDRESS

  • Electronic mail address: iansommerville@gmail.com

372 ## - FIELD OF ACTIVITY

  • Field of activity: Education, Higher
  • Field of activity: Photography
  • Field of activity: Technical writing
  • Field of activity: Software engineering
  • Source of term: lcsh

373 ## - ASSOCIATED GROUP

  • Associated group: University of St. Andrews
  • Source of term: naf
  • Start period: 2006
  • End period: 2014

373 ## - ASSOCIATED GROUP

  • Associated group: University of Lancaster
  • Source of term: naf

374 ## - OCCUPATION

  • Occupation: College teachers
  • Occupation: Photographers
  • Occupation: Authors
  • Source of term: lcsh

375 ## - GENDER

  • Gender: Males
  • Source of term: lcdgt

377 ## - ASSOCIATED LANGUAGE

  • Language code: eng

400 1# - SEE FROM TRACING--PERSONAL NAME

  • Personal name: Sommerville, I.
  • Fuller form of name: (Ian),
  • Dates associated with a name: 1951-

510 2# - SEE ALSO FROM TRACING--CORPORATE NAME

  • Control subfield: r
  • Relationship information: Employer:
  • Corporate name or jurisdiction name as entry element: University of St. Andrews

670 ## - SOURCE DATA FOUND

  • Source citation: His Software engineering, 1982:
  • Information found: CIP t.p. (I. Sommerville) CIP data sheet (b. 2/23/51)

670 ## - SOURCE DATA FOUND

  • Source citation: LC database, Mar. 8, 1999
  • Information found: (hdg.: Sommerville, Ian; usage: Ian Sommerville, I. Sommerville)

670 ## - SOURCE DATA FOUND

  • Source citation: Engineering software products, 2020:
  • Information found: title page (Ian Sommerville)

670 ## - SOURCE DATA FOUND

  • Source citation: Ian Sommerville personal website, viewed March 24, 2022
  • Information found: (Ian Sommerville lives in Edinburgh, Scotland. He was Professor of Software Engineering at Lancaster University (1986-2006) and at St Andrews University (2006-2014). He likes photography. Email: iansommerville@gmail.com)
  • Uniform Resource Identifier: https://iansommerville.com/

Powered by Koha